Rathore political Science for UGC/NET/JRF/SLET/SRF also useful for : IAS/PCS and other competitive examinations / (Record no. 101339)

MARC details
000 -LEADER
fixed length control field 00706nam a22001937a 4500
005 - DATE AND TIME OF LATEST TRANSACTION
control field 20181213105126.0
010 ## - LCCN (DPL NO)
LC control number ENG-115446
020 ## - INTERNATIONAL STANDARD BOOK NUMBER
International Standard Book Number 9789385493317
Terms of availability 299.00
035 ## - SYSTEM CONTROL NUMBER
System control number EN-98978
037 ## - SOURCE OF ACQUISITION
Source of stock number/acquisition DBAD/PUB
082 ## - DEWEY DECIMAL CLASSIFICATION NUMBER
Classification number 320
245 ## - TITLE STATEMENT
Title Rathore political Science for UGC/NET/JRF/SLET/SRF also useful for : IAS/PCS and other competitive examinations /
Statement of responsibility, etc editied by kunwar Ishwar Singh Rathore
260 ## - PUBLICATION, DISTRIBUTION, ETC. (IMPRINT)
Place of publication, distribution, etc New Delhii
Name of publisher, distributor, etc Rathore Publishers & Disrtibutors
Date of publication, distribution, etc 2016
270 ## - ADDRESS
Address 202, 2nd Floor 4832/24 Ansari Road,Daryaganj
City New Delhi
Postal code 110002
300 ## - PHYSICAL DESCRIPTION
Extent vii,312p.
Dimensions 21cm(pbk)
500 ## - GENERAL NOTE
General note Includes index
700 ## - ADDED ENTRY--PERSONAL NAME
Dates associated with a name Rathore,Kunwar Ishwar Singh
942 ## - ADDED ENTRY ELEMENTS (KOHA)
Source of classification or shelving scheme Dewey Decimal Classification
Item type English Books
Classification part 320
Call number suffix RAT
Holdings
Withdrawn status Lost status Not for loan Collection code Home library Current library Date acquired Source of acquisition Cost, normal purchase price Full call number Barcode Copy number Cost, replacement price Koha item type
    Not For Loan Non-fiction D.B.Act.Division Bawana 18/07/2016 DBAD/PUB 299.00 320 RAT EN-98978 1 299.00 English Books

© Delhi Public Library
Hit Counter
free hit counter